000 00823nam a2200241Ia 4500
003 GCL
008 140319s9999 xx 000 0 ara d
020 _a3141215977
040 _aGCL /
_cGCL
082 0 4 _a001.4
_bط أ
100 1 _aطلعت ابراهيم لطفى
245 1 0 _aاساليب وادوات البحث الاحتماعى /
_cطلعت ابراهيم لطفى
250 _aالاولى
260 _aالقاهرة :
_bدار غريب للطباعة والنشر والتوزيع ،
_c1995
300 _a141 ص ؛
_c24 سم
490 _a
650 0 4 _aالاجتماع، علم
650 0 4 _aالبحث العلمى
650 0 4 _aالعينات العشوائية
650 0 4 _aالبحث العلمى - مناهج
650 0 4 _aالبحث العلمى - طرق البحث
942 _2ddc
_cBK
999 _c44358
_d44358